[Event "SWIFT"]
[Site "Brussels"]
[Date "1986.??.??"]
[Round "?"]
[White "Karpov, Anatoly"]
[Black "Van der Wiel, John TH"]
[Result "1/2-1/2"]
[WhiteElo "2700"]
[BlackElo "2555"]

1.e4 c5 2.Nf3 e6 3.d4 cxd4 4.Nxd4 Nc6 5.Nb5 d6 6.c4 Nf6 7.N1c3 a6 8.Na3 d5
9.cxd5 exd5 10.exd5 Nb4 11.Be2 Bc5 12.Be3 Bxe3 13.Qa4+ Nd7 14.Qxb4 Bc5 15.Qe4+ Kf8
16.O-O b5 17.Nc2 Nf6 18.Qd3 g6 19.Bf3 Bf5 20.Qd2 h5 21.Nd4 Bg4 22.Nc6 Qd6
23.Ne4 Nxe4 24.Bxe4 Kg8 25.Rac1 Re8 26.Qd3 Bb6 27.Bf3 Bc7 28.g3 Qf6 29.Rc3 Bb6
30.Rb3 Bh3 31.Bg2 Bg4 32.Bf3 Bh3 33.Bg2 Bg4 34.Qc3 Qd6 35.Re1 Rxe1+ 36.Qxe1 Qf6
37.h3 Bd7 38.Rf3 Qd6 39.Qc3 Bf5 40.h4 Kh7 41.Bh3 b4 42.Qe1 Qxd5 43.Bg2 Qe6
44.Qxb4 Qxc6 45.Rxf5 Qc1+ 46.Kh2 gxf5 47.Qxb6 Qh6 48.Qd4 Re8 49.Bh3 f4 50.gxf4 Kg8
51.b4 Qg7 52.Qd7 Re1 53.Qd8+ Kh7 54.Bf5+ Kh6 55.Qg5+ Qxg5 56.fxg5+ Kg7 57.Bd3 Ra1
58.Bc4 Rb1 59.a3 Ra1 60.Bxa6 Rxa3 61.Be2 Ra2  1/2-1/2

[Event "JUG-ch"]
[Site "Budva"]
[Date "1986.??.??"]
[Round "?"]
[White "Ilincic, Zlatko"]
[Black "Dzevlan, Miralem"]
[Result "0-1"]
[WhiteElo "2490"]
[BlackElo "2330"]

1.e4 c5 2.Nf3 e6 3.d4 cxd4 4.Nxd4 Nc6 5.Nb5 d6 6.c4 Nf6 7.N1c3 a6 8.Na3 Be7
9.Be2 O-O 10.O-O b6 11.Be3 Bb7 12.Qb3 Nd7 13.Rfd1 Nc5 14.Qc2 Qc7 15.Rac1 Rac8
16.Qb1 Nb4 17.Nc2 Nxc2 18.Qxc2 Bf6 19.f3 Rfe8 20.b4 Nd7 21.Qd2 Be7 22.a3 Qb8
23.Bf1 Bc6 24.Bf4 Ne5 25.b5 axb5 26.Nxb5 Bxb5 27.cxb5 Qa7 28.Qd4 Nxf3+ 29.gxf3 e5
30.Rxc8 Rxc8 31.Bxe5 dxe5 32.Qxe5 Qxa3 33.Kg2 g6 34.Rd7 Qa2+ 35.Kg3 Bc5 36.Kh3 Qf2
37.Bg2 Rf8 38.Qd5 Be3 39.Rd8 Bc5 40.Rxf8+ Bxf8 41.Qe5 Qd2 42.Qd5 Qf4 43.e5 Qh6+
44.Kg3 Qg5+ 45.Kh3 Bc5 46.Qe4 Bf2 47.Bf1 Bg1 48.Qg4 Qh6+ 49.Qh4 Qxh4+ 50.Kxh4 Bxh2
51.e6 f6 52.Bc4 Kf8 53.Kh3 Bd6 54.Bd5 Kg7 55.Kh4 f5 56.Bc6 Be7+ 57.Kg3 Kf6
58.Bd7 Kg5 59.f4+ Kf6 60.Kf3 Bd6 61.Ke3 h6 62.Kf3 g5 63.fxg5+ hxg5  0-1

[Event "Calcutta"]
[Site "Calcutta"]
[Date "1986.??.??"]
[Round "?"]
[White "Meetei, AB."]
[Black "Vaidya, Arun B"]
[Result "1-0"]
[WhiteElo "2320"]
[BlackElo "2340"]

1.e4 c5 2.Nf3 e6 3.d4 cxd4 4.Nxd4 Nc6 5.Nb5 d6 6.c4 Nf6 7.N1c3 a6 8.Nd4 Bd7
9.Nc2 Be7 10.Be2 O-O 11.O-O Qc7 12.Bf4 Rfd8 13.Rc1 Ne5 14.Ne3 b6 15.Bg3 Qb7
16.a4 Bc6 17.f3 Nh5 18.Bf2 Nf4 19.Re1 g5 20.Bf1 Bf6 21.b4 Qe7 22.g3 Nfg6
23.Ng2 d5 24.cxd5 g4 25.fxg4 Qxb4 26.Nf4 Be8 27.Re3 Bg5 28.Rb1 Qa5 29.h4 Nxh4
30.gxh4 Bxf4 31.Rh3 b5 32.axb5 axb5 33.Bxb5 Bxb5 34.Rxb5 Qa3 35.Rb3 Qf8 36.Ne2 Bh6
37.g5 Bg7 38.Nf4 Ra4 39.Qe2 Qd6 40.Rb6 Qc7 41.Rb1 Nc4 42.Nh5 Rda8 43.Nxg7 Kxg7
44.dxe6 fxe6 45.Rc3 Ra1 46.Rxa1 Rxa1+ 47.Kg2 Ra4 48.Qh5 Qe5 49.Rf3  1-0

[Event "Cannes"]
[Site "Cannes"]
[Date "1986.??.??"]
[Round "5"]
[White "Santo Roman, Marc"]
[Black "Kouatly, Bachar"]
[Result "0-1"]
[WhiteElo "2360"]
[BlackElo "2445"]

1.e4 c5 2.Nf3 e6 3.d4 cxd4 4.Nxd4 Nc6 5.Nb5 d6 6.c4 Nf6 7.N1c3 a6 8.Na3 d5
9.exd5 exd5 10.cxd5 Nb4 11.Bc4 Bg4 12.Qd4 b5 13.Ncxb5 axb5 14.Bxb5+ Bd7 15.d6 Nc2+
16.Nxc2 Qa5+ 17.Bd2 Qxb5 18.O-O-O Rxa2 19.Rhe1+ Be6 20.Bb4 Qc6 21.Kb1 Ra8
22.f4 Kd7 23.Re5 Ba2+ 24.Kc1 Bd5 25.Rd3 Bxd6 26.Bxd6 Rhc8 27.Re7+ Kd8 28.Rc3 Qxd6
29.Rxf7 Rxc3 30.bxc3 Ne8 31.Rf8 Ke7 32.Rf5 Be6 33.Qe4 Rc8 34.Re5 Nf6 35.Qe3 Ng4
36.Qg3 Nxe5 37.h3 Qc6 38.Qxg7+ Bf7 39.Qg5+ Ke8  0-1

[Event "FRA-ch"]
[Site "Epinal"]
[Date "1986.??.??"]
[Round "5"]
[White "Seret, Jean Luc"]
[Black "Belkhodja, Slim"]
[Result "1/2-1/2"]
[WhiteElo "2440"]
[BlackElo "2330"]

1.e4 c5 2.Nf3 e6 3.d4 cxd4 4.Nxd4 Nc6 5.Nb5 d6 6.Bf4 e5 7.Be3 a6 8.N5c3 Nf6
9.Nd2 Be7 10.a4 O-O 11.Nc4 Be6 12.Nb6 Rb8 13.Be2 Nxe4 14.Nxe4 d5 15.Nc5 d4
16.Nxe6 fxe6 17.Nc4 dxe3 18.Nxe3 Qb6 19.O-O Bc5 20.Nc4 Bxf2+ 21.Kh1 Qd4 22.c3 Qh4
23.Bg4 Bg3 24.h3 e4 25.Bxe6+ Kh8 26.Qg4 Qxg4 27.Bxg4 g6 28.Be2 Ne7 29.Nd2 e3
30.Ne4 Be5 31.g3 Nf5 32.Kg2 Rbe8 33.Rae1 Bc7 34.Bd3 Kg7 35.Rf3 Re7 36.Re2 b6
37.a5 Rfe8 38.axb6 Bxb6 39.Rxf5 Rd8 40.Rf6 Rxd3 41.Rxb6 Rxe4 42.Rxa6 Re7
43.Ra4 Rd1 44.Rf4 h5 45.h4 g5 46.hxg5 Kg6 47.Rf1 Rd8 48.Rfe1 Rde8 49.Rd1 Kxg5
50.Rd4 Rf7 51.Rd5+ Kg4 52.Rd3 Rfe7 53.c4 Re4 54.Rc3 h4 55.gxh4 Kf4 56.h5 R4e5
57.c5 Rg5+ 58.Kf1 Rxh5 59.c6 Kf3 60.Rf2+ Kg4  1/2-1/2

[Event "Wch U20"]
[Site "Gausdal"]
[Date "1986.??.??"]
[Round "8"]
[White "Hellers, Ferdinand"]
[Black "Wahls, Matthias"]
[Result "1-0"]
[WhiteElo "2440"]
[BlackElo "2460"]

1.e4 c5 2.Nf3 Nc6 3.d4 cxd4 4.Nxd4 e6 5.Nb5 d6 6.c4 Nf6 7.N1c3 a6 8.Na3 Be7
9.Be2 O-O 10.O-O b6 11.Be3 Ne5 12.f4 Ned7 13.Bf3 Bb7 14.Qe2 Rc8 15.Rac1 Re8
16.Rfd1 Qc7 17.g4 h6 18.h4 Nh7 19.Qh2 Qd8 20.Bf2 g5 21.hxg5 hxg5 22.f5 Ne5
23.Kg2 Bf6 24.Rh1 Nf8 25.Bd4 Ba8 26.Rcf1 Qe7 27.Be2 b5 28.Nc2 Bg7 29.Rf3 exf5
30.gxf5 f6 31.Rh3 Nf7 32.Re3 bxc4 33.Nb4 Ne5 34.Nbd5 Qb7 35.Rh3 Qxb2 36.Rh8+ Kf7
37.Qh5+ Neg6 38.fxg6+ Nxg6 39.Rh7 Bxd5 40.exd5 Kf8 41.Qxg6 Rxe2+ 42.Nxe2 Qxe2+
43.Kg3  1-0

[Event "Hamburg HSV"]
[Site "Hamburg"]
[Date "1986.??.??"]
[Round "?"]
[White "Wahls, Matthias"]
[Black "Wegner, Hannu"]
[Result "1/2-1/2"]
[WhiteElo "2460"]
[BlackElo "2300"]

1.e4 c5 2.Nf3 e6 3.d4 cxd4 4.Nxd4 Nc6 5.Nb5 d6 6.Bf4 e5 7.Be3 a6 8.N5c3 Nf6
9.Nd2 Be6 10.Bg5 Rc8 11.Nc4 Nd4 12.Ne3 Be7 13.Bxf6 Bxf6 14.Bd3 Bg5 15.Ncd5 Nc6
16.Be2 Ne7 17.c3 Bxe3 18.Nxe3 O-O 19.Bf3 Qb6 20.Qd2 Rfd8 21.O-O a5 22.Rfd1  1/2-1/2

[Event "URS-FL"]
[Site "Irkutsk"]
[Date "1986.??.??"]
[Round "?"]
[White "Balashov, Yuri S"]
[Black "Razuvaev, Yuri S"]
[Result "1/2-1/2"]
[WhiteElo "2530"]
[BlackElo "2535"]

1.e4 c5 2.Nf3 e6 3.d4 cxd4 4.Nxd4 Nc6 5.Nb5 d6 6.c4 Nf6 7.N1c3 a6 8.Na3 Be7
9.Be2 O-O 10.O-O b6 11.Be3 Ne5 12.f3 Bb7 13.Qe1 Rc8 14.Rd1 Qc7 15.Qf2 Nfd7
16.Rd4 Nc6 17.Rd2 Nce5 18.Rd4 Nc6 19.Rd2 Nce5 20.Rd4  1/2-1/2

[Event "POL-chT"]
[Site "Porabka"]
[Date "1986.??.??"]
[Round "?"]
[White "Ehrenfeucht, Wojciech"]
[Black "Ksieski, Zbigniew"]
[Result "0-1"]
[WhiteElo "2320"]
[BlackElo "2385"]

1.e4 c5 2.Nf3 e6 3.d4 cxd4 4.Nxd4 Nc6 5.Nb5 d6 6.c4 Nf6 7.N1c3 a6 8.Na3 Be7
9.Be2 O-O 10.O-O b6 11.Be3 Bb7 12.Qb3 Nd7 13.Rad1 Ra7 14.Na4 Na5 15.Qc2 Ba8
16.Nxb6 Nxb6 17.c5 Nc8 18.cxd6 Bf6 19.Bxa7 Nxa7 20.b4 N5c6 21.Qc5 Qb8 22.Nc2 Nb5
23.Bxb5 Qxb5 24.Qxb5 axb5 25.f4 e5 26.g3 Nd8 27.fxe5 Bxe5 28.Nd4 Bxd6 29.a3 Bc7
30.Rf5 Ne6 31.Nxe6 fxe6 32.Rxb5 Bxe4 33.Rc1 Bb8 34.Ra5 Bd5 35.Re1 Rf7 36.Rxd5 exd5
37.Re8+ Rf8 38.Rxf8+ Kxf8 39.b5 Bd6 40.a4 Bc5+ 41.Kf1 Bb6 42.Ke2 Ke7 43.Kd3 Kd6
44.g4 Kc5 45.Kc3 g5  0-1

[Event "POL-chT"]
[Site "Porabka"]
[Date "1986.??.??"]
[Round "?"]
[White "Erenska Radzewska, Hanna"]
[Black "Sikora Gizynska, Bozena"]
[Result "1-0"]
[WhiteElo "2195"]
[BlackElo "2075"]

1.e4 c5 2.Nf3 e6 3.d4 cxd4 4.Nxd4 Nc6 5.Nb5 d6 6.c4 Nf6 7.N1c3 a6 8.Na3 Be7
9.Be2 O-O 10.O-O Bd7 11.Nc2 Qc7 12.Ne3 Na7 13.Bd2 b5 14.cxb5 Nxb5 15.Rc1 Qb7
16.f3 Rfd8 17.Qe1 Rac8 18.Kh1 Be8 19.Qf2 d5 20.exd5 Nxd5 21.Ncxd5 exd5 22.Bd3 Bd7
23.Ba5 Rxc1 24.Rxc1 Rc8 25.Rxc8+ Bxc8 26.Qc2 Be6 27.Bxh7+ Kh8 28.Bd3 Bf6
29.Be1 Be5 30.Bf2 Qb8 31.Bg1 Qb7 32.b3 Kg8 33.Qd2 Bc3 34.Qf2 Bf6 35.Nc2 g6
36.Qd2 Kg7 37.Qb4 Bc3 38.Qc5 Bf6 39.a4 Nc7 40.Nd4 Bd7 41.Bc2 Ne6 42.Nxe6+ Bxe6
43.b4 Bd7 44.Bb3 Bc6 45.Bd4 Bxd4 46.Qxd4+ Kg8 47.Kg1 Qd7 48.a5 Qf5 49.Kf2 Qe6
50.h4 Qf5 51.g4 Qe6 52.h5 Qd6 53.Kg2 Qe6 54.hxg6 fxg6 55.Kf2 Qd6 56.f4 Qd8
57.Kg3 Qd7 58.Qf6 Qe8 59.Kf3 Qe4+ 60.Kf2 Bb5 61.Qe5 Qxe5 62.fxe5 Bc6 63.Ke3 Kf7  1-0

[Event "CSR-ch"]
[Site "Prague"]
[Date "1986.??.??"]
[Round "5"]
[White "Haba, Petr"]
[Black "Mokry, Karel"]
[Result "0-1"]
[WhiteElo "2325"]
[BlackElo "2490"]

1.e4 c5 2.Nf3 e6 3.d4 cxd4 4.Nxd4 Nc6 5.Nb5 d6 6.c4 Nf6 7.N1c3 a6 8.Na3 b6
9.Be2 Be7 10.O-O O-O 11.Be3 Ne5 12.f3 Bb7 13.Qe1 Qc7 14.Qf2 Ned7 15.Rfd1 Rac8
16.Rd2 Rfe8 17.Rad1 d5 18.exd5 exd5 19.Nxd5 Nxd5 20.cxd5 Bd6 21.Kh1 b5 22.Nc2 Nf6
23.Bb6 Qxc2 24.Bxb5 Qxd1+ 25.Rxd1 axb5 26.Bd4 Nxd5 27.Qh4 Bf8 28.h3 Re6 29.Qg4 Rce8
30.Rg1 h6 31.Qf5 b4 32.Qd3 Nf4 33.Qf5 Ne2  0-1

[Event "Rome-B"]
[Site "Rome"]
[Date "1986.??.??"]
[Round "?"]
[White "Trepp, Markus"]
[Black "Krnic, Zdenko"]
[Result "1/2-1/2"]
[WhiteElo "2390"]
[BlackElo "2390"]

1.e4 c5 2.Nf3 Nc6 3.d4 cxd4 4.Nxd4 e6 5.Nb5 d6 6.Bf4 e5 7.Be3 a6 8.N5c3 Nf6
9.Bc4 Be7 10.Nd5 Nxd5 11.Bxd5 O-O 12.Na3 Kh8 13.O-O f5 14.f3 f4 15.Bf2 Rf6
16.Nc4 Rg6 17.Bf7 Rh6 18.Nb6 Rb8 19.c3 Bh4 20.Qe1 Bxf2+ 21.Qxf2 Ne7 22.Rfd1 g5
23.h3 Kg7 24.Bb3 Qc7 25.Rd3 Bd7 26.Rad1 Bb5 27.R3d2 Rf8 28.c4 Be8 29.c5 Rff6
30.cxd6 Rxd6 31.Nd5 Nxd5 32.exd5 Rhf6 33.Rc2 Qe7 34.Re1 Bf7 35.Rce2 h6 36.Rxe5 Qd8
37.Re7 Rd7 38.Rxd7 Qxd7 39.Qd4 Qd6 40.Re5 a5 41.Bc2 Qb6 42.Qxb6 Rxb6 43.b3 Rd6
44.Re7 b6 45.Be4 Kf6 46.Rc7 h5 47.h4 g4 48.Rc6 Ke5 49.Rxd6 Kxd6 50.g3 fxg3
51.fxg4 hxg4 52.Kg2 Ke5 53.d6 Kxd6 54.Kxg3 Ke5 55.Bd3 a4 56.bxa4 Bxa2 57.Kxg4 Kf6
58.Kf4 Bb3 59.Bb5 Bd1  1/2-1/2

[Event "URS-ch sf"]
[Site "Sevastopol"]
[Date "1986.??.??"]
[Round "?"]
[White "Kruppa, Yuri"]
[Black "Osnos, Viatcheslav"]
[Result "1/2-1/2"]
[WhiteElo "2445"]
[BlackElo "2435"]

1.e4 e6 2.d4 c5 3.Nf3 cxd4 4.Nxd4 Nc6 5.Nb5 d6 6.c4 Nf6 7.N1c3 a6 8.Na3 Be7
9.Be2 O-O 10.O-O Bd7 11.Be3 Ne5 12.Rc1 Bc6 13.f3 Ng6 14.Nc2 Re8 15.Nd4 Bd7
16.Qd2 Qc7 17.Kh1 Rac8 18.Rfd1 Qb8 19.Bf1 Bd8 20.Qf2 Bc7 21.Nc2 b5 22.Nb4 Qb7
23.cxb5 axb5 24.a3 h6 25.Be2 Re7 26.Rc2 Ne5 27.Bd4 Ba5 28.Qf1 Bxb4 29.axb4 Ne8
30.Bxe5 dxe5 31.Rcd2 Rb8 32.Qf2 Qc7 33.h3 Nf6 34.Ra1 Be8 35.Ra5 Rd7 36.Rc2 Rd4
37.Bxb5 Rxb4 38.Ra7 Qd8 39.Bxe8  1/2-1/2

[Event "BCF-ch"]
[Site "Southampton"]
[Date "1986.??.??"]
[Round "7"]
[White "Rahman, Ziaur"]
[Black "Hawksworth, John C"]
[Result "0-1"]
[WhiteElo "2305"]
[BlackElo "2400"]

1.e4 c5 2.Nf3 e6 3.d4 cxd4 4.Nxd4 Nc6 5.Nb5 d6 6.c4 Nf6 7.N1c3 a6 8.Na3 Be7
9.Be2 O-O 10.O-O b6 11.f4 Qc7 12.Be3 Bb7 13.Bf3 Nd7 14.Qe2 Rad8 15.Rac1 Qb8
16.Rfd1 Rfe8 17.Nc2 Na5 18.Na3 Bf8 19.b4 Nc6 20.b5 Na5 21.bxa6 Bxa6 22.Ncb5 d5
23.exd5 exd5 24.Qf2 Rxe3 25.Qxe3 Bc5 26.Nd4 Re8 27.Qc3 Qxf4 28.Nc2 Nc6 29.Bxd5 Nxd4
30.Nxd4 Re3 31.Qd2 Bxd4 32.Kh1 Nf6 33.g3 Qe5 34.Re1 Nxd5 35.cxd5 Qe4+  0-1

[Event "Tirnavia-B"]
[Site "Trnava"]
[Date "1986.??.??"]
[Round "4"]
[White "Stratil, Ladislav Jr"]
[Black "Ksieski, Zbigniew"]
[Result "1/2-1/2"]
[WhiteElo "2320"]
[BlackElo "2385"]

1.e4 c5 2.Nf3 e6 3.d4 cxd4 4.Nxd4 Nc6 5.Nb5 d6 6.c4 Nf6 7.N1c3 a6 8.Na3 Be7
9.Be2 O-O 10.O-O b6 11.Be3 Bb7 12.Qb3 Nd7 13.Rad1 Ra7 14.Rd2 Ba8 15.f4 Qb8
16.Qd1 Rd8 17.f5 Nce5 18.fxe6 fxe6 19.Bg4 Nf8 20.Bh3 Bf6 21.Qb3 Ned7 22.c5 Nxc5
23.Bxc5 dxc5 24.Bxe6+ Kh8 25.Rxd8 Qxd8 26.Bd5 b5 27.Bxa8 c4 28.Qd1 Rxa8 29.Nc2 Ng6
30.Qxd8+ Rxd8 31.Rd1 Rxd1+ 32.Nxd1 Kg8 33.Kf1 Kf7 34.Nb4 a5 35.Nd5 Be5 36.g3 Ne7
37.N5e3 Ke6 38.a4 c3 39.Nxc3 Bxc3 40.bxc3 bxa4 41.Nc4 Nc8 42.Ke2 Nd6 43.Nxa5 Nxe4
44.Kd3 Kd5 45.c4+ Ke5 46.Nc6+ Kd6 47.Nd4 Nc5+ 48.Kc3 Ke5 49.Nc6+ Kd6 50.Nd4 Ke5
51.Nc6+ Ke4 52.Kb4 Ne6 53.Kxa4 Kf3 54.Kb4 Kg2 55.Kc3 Kxh2 56.Nd4 Nc5 57.Ne2 Kg2
58.Kd4 Nb3+ 59.Kc3 Na5 60.Nf4+ Kxg3 61.Nh5+ Kg4 62.Nxg7 Nxc4 63.Kxc4 h5 64.Nxh5 Kxh5  1/2-1/2

[Event "Tirnavia"]
[Site "Trnava"]
[Date "1986.??.??"]
[Round "6"]
[White "Mokry, Karel"]
[Black "Kurtenkov, Atanas"]
[Result "1-0"]
[WhiteElo "2520"]
[BlackElo "2455"]

1.e4 c5 2.Nf3 Nc6 3.d4 cxd4 4.Nxd4 e6 5.Nb5 d6 6.c4 Nf6 7.N1c3 a6 8.Na3 Be7
9.Be2 b6 10.O-O Ne5 11.Be3 O-O 12.Qd2 Bb7 13.f3 d5 14.exd5 exd5 15.Nxd5 Nxd5
16.cxd5 Bxa3 17.bxa3 Qxd5 18.Qxd5 Bxd5 19.Bxb6 Bc4 20.Rfe1 Rfb8 21.Bd4 Nd3
22.Red1 Nb2 23.Bxc4 Nxc4 24.Rac1 Rc8 25.Rc3 Rc6 26.Rdc1 Rac8 27.Kf2 f6 28.f4 f5
29.R3c2 Kf7 30.Ke2 Ke6 31.Kd3 Kd5 32.Bxg7 R8c7 33.Bd4 Rc8 34.a4 Na5 35.Rxc6 Rxc6
36.Re1 Re6 37.Rxe6 Kxe6 38.Bb6 Nb7 39.Kd4 Kd6 40.Ba7 Nd8 41.Bb8+ Kd7 42.Kd5  1-0

[Event "Vienna op"]
[Site "Vienna"]
[Date "1986.??.??"]
[Round "?"]
[White "Chandler, Murray G"]
[Black "Quinteros, Miguel A"]
[Result "1/2-1/2"]
[WhiteElo "2535"]
[BlackElo "2510"]

1.e4 c5 2.Nf3 e6 3.d4 cxd4 4.Nxd4 Nc6 5.Nb5 d6 6.c4 Nf6 7.N1c3 a6 8.Na3 Be7
9.Be2 O-O 10.O-O b6 11.Be3 Ne5 12.f4 Ned7 13.Bf3 Bb7 14.Qe2 Qc7 15.Rac1 Rac8
16.g4 Qb8 17.g5 Ne8 18.Bg2 g6 19.Bh3 Ng7 20.f5 exf5 21.exf5 gxf5 22.Rxf5 Nxf5
23.Bxf5 Ne5 24.Qh5 Ng6 25.Bd4 Rfe8 26.Rf1 Bf8 27.Bxc8 Qxc8 28.Rxf7 Kxf7 29.Qxh7+ Ke6
30.Qxg6+ Kd7 31.Qf5+ Kc7 32.Qxc8+ Kxc8 33.Nc2 b5 34.h4 Be4 35.Ne3 Bg6 36.cxb5 axb5
37.a3 Bg7 38.Bxg7 Rxe3 39.Kg2 Kd7 40.Nxb5 Rb3 41.a4 Rb4 42.Kg3 Rxa4 43.Nc3 Ra1
44.Bd4 Ke6 45.b4 Kf5 46.b5 Be8 47.b6 Bc6 48.Nb5 Rc1 49.Nxd6+ Ke6 50.b7 Rb1
51.Bc5 Bxb7 52.Nxb7 Rxb7 53.Kg4 Rb5 54.Be3 Rb3 55.Bf4 Rb1 56.h5 Rg1+ 57.Bg3 Rg2
58.Kf4 Ra2 59.Kg4 Rg2 60.h6 Kf7 61.h7 Kg7 62.g6 Rg1 63.Kf3 Rh1  1/2-1/2

[Event "Zenica"]
[Site "Zenica"]
[Date "1986.??.??"]
[Round "6"]
[White "Terzic, Safet"]
[Black "Marjanovic, Slavoljub"]
[Result "0-1"]
[WhiteElo "2345"]
[BlackElo "2515"]

1.e4 c5 2.Nf3 e6 3.d4 cxd4 4.Nxd4 Nc6 5.Nb5 d6 6.c4 Nf6 7.N1c3 a6 8.Na3 Be7
9.Be2 O-O 10.O-O b6 11.Be3 Ne5 12.f4 Ned7 13.Bf3 Bb7 14.Qe2 Rc8 15.Rfd1 Qc7
16.Rac1 Qb8 17.Nab1 Rfe8 18.Nd2 h6 19.g4 Nh7 20.Nf1 Rc7 21.Bf2 Rec8 22.Ne3 Qa8
23.Bg2 Nhf6 24.Bh4 g5 25.Bg3 Nxe4 26.Nxe4 Bxe4 27.Rd4 Bxg2 28.Nxg2 b5 29.fxg5 hxg5
30.Bxd6 Qa7 31.Qe3 Bxd6 32.Rxd6 Qxe3+ 33.Nxe3 Ne5 34.Rxa6 Nxc4 35.Kf2 Nxe3
36.Rxc7 Nxg4+ 37.Kg3 Rxc7 38.Kxg4 Rc5 39.Ra5 Kg7 40.a4 Kg6 41.Kg3 Rc4 42.Rxb5 Rxa4
43.Rb6 Rd4 44.b4 Rd3+ 45.Kg2 Rb3 46.b5 g4 47.Rb8 Kg5 48.b6 Kf4 49.Kf2 Rb2+
50.Ke1 f5 51.Kd1 Rxh2 52.Re8 Rb2 53.Rxe6 g3 54.Kc1 Rb4 55.Rh6 Kg5  0-1

[Event "Zenica"]
[Site "Zenica"]
[Date "1986.??.??"]
[Round "9"]
[White "Mokry, Karel"]
[Black "Terzic, Safet"]
[Result "1-0"]
[WhiteElo "2520"]
[BlackElo "2345"]

1.e4 c5 2.Nf3 Nc6 3.d4 cxd4 4.Nxd4 e6 5.Nb5 d6 6.c4 Nf6 7.N1c3 a6 8.Na3 Be7
9.Be2 O-O 10.O-O b6 11.Be3 Ne5 12.f4 Ned7 13.Bf3 Bb7 14.Qe2 Qc7 15.Rfd1 d5
16.exd5 Bxa3 17.bxa3 Rac8 18.dxe6 fxe6 19.Rac1 Bxf3 20.Qxf3 Nc5 21.g3 Rfd8
22.Bd4 Qc6 23.Kg2 Kf7 24.g4 Ke8 25.g5 Nh5 26.Bxc5 Qxf3+ 27.Kxf3 Rxc5 28.Ne4 Ra5
29.Kg4 g6 30.Rxd8+ Kxd8 31.Rc3 Ke7 32.c5 bxc5 33.Nxc5 Ng7 34.Nb7 Ra4 35.Rc7+ Kf8
36.Rc8+ Ke7 37.Rc7+ Kf8 38.Nc5 Rxa3 39.Nd7+ Ke7 40.Nf6+ Kf8 41.Nxh7+ Kg8
42.Nf6+ Kf8 43.Nd7+ Ke8 44.Ne5 Nf5 45.Nxg6 Rxa2 46.h4 Ra3 47.Ra7 a5 48.Ra8+ Kf7
49.Ne5+ Kg7 50.Ra7+ Kf8 51.Kh5 Ra4 52.Ra8+ Kg7 53.Ra7+ Kf8 54.Nd7+ Ke8 55.Nf6+ Kf8
56.g6  1-0

[Event "Zenica"]
[Site "Zenica"]
[Date "1986.??.??"]
[Round "13"]
[White "Zapata, Alonso"]
[Black "Terzic, Safet"]
[Result "0-1"]
[WhiteElo "2495"]
[BlackElo "2345"]

1.e4 c5 2.Nf3 e6 3.d4 cxd4 4.Nxd4 Nc6 5.Nb5 d6 6.c4 a6 7.N5c3 Nf6 8.Be2 Be7
9.O-O O-O 10.Be3 b6 11.a3 Qc7 12.Nd2 Bb7 13.Rc1 Ne5 14.f4 Ned7 15.b4 Qd8
16.Bf3 Re8 17.Qe1 Rb8 18.Qf2 Ba8 19.Rfd1 Qc7 20.g4 h6 21.h4 Nh7 22.g5 g6
23.Qg3 Qd8 24.Bg4 Rc8 25.Be2 a5 26.Nf3 axb4 27.axb4 hxg5 28.hxg5 d5 29.exd5 exd5
30.Nxd5 Bd6 31.Bf1 Bxd5 32.Rxd5 Rxe3 33.Rxd6 Qe7 34.Rcd1 Ndf8 35.Qf2 Re4
36.Nh4 Ne6 37.Ng2 b5 38.cxb5 Rxb4 39.Rd7 Qc5 40.Qxc5 Rxc5 41.R7d5 Rc3 42.R5d3 Rc5
43.Rf3 Nhf8 44.Ra1 Nd4 45.Rfa3 Nxb5 46.Ra5 Kg7 47.Ne1 Rxf4 48.Bxb5 Rxg5+
49.Ng2 Rff5 50.Rb1 Ne6 51.Rb4 Nc7 52.Ra7 Nxb5 53.Rd7 Nc3 54.Rb2 Nd5 55.Kh2 Rg4
56.Rb3 Rfg5 57.Rb2 Ne3 58.Kh1 Nxg2 59.Rxg2 Rh4+ 60.Kg1 Rxg2+ 61.Kxg2 Ra4
62.Kg3 g5 63.Rd8 Kg6 64.Rd5 f5 65.Rb5 Ra3+ 66.Kg2 g4 67.Kf2 Kg5 68.Rc5 g3+
69.Kg2 Kg4 70.Rc8 Ra2+ 71.Kg1 f4 72.Rc4 Kh3  0-1

[Event "OHRA-B"]
[Site "Amsterdam"]
[Date "1987.??.??"]
[Round "8"]
[White "Dam, Ruurd"]
[Black "Kuijf, Marinus"]
[Result "0-1"]
[WhiteElo "2560"]
[BlackElo "2430"]

1.e4 c5 2.Nf3 e6 3.d4 cxd4 4.Nxd4 Nc6 5.Nb5 Nf6 6.N1c3 d6 7.Bf4 e5 8.Bg5 a6
9.Na3 b5 10.Nd5 Be7 11.Bxf6 Bxf6 12.c3 Ne7 13.Nxf6+ gxf6 14.Nc2 Bb7 15.Qd3 Qb6
16.Ne3 Rd8 17.Be2 d5 18.exd5 Nxd5 19.Nxd5 Bxd5 20.Qh3 Rg8 21.Bf3 Bc4 22.Qxh7 Ke7
23.Qe4 Rd6 24.Rd1 Rgd8 25.Rxd6 Qxd6 26.Qe3 f5 27.b3 f4 28.Qc1 Bd3 29.Qb2 Qg6
30.c4 Qd6 31.Be2 Bxe2 32.Qxe2 Qb4+ 33.Kf1 Qc3 34.Qe1 Rd2 35.g3 f3  0-1

[Event "Wch U20"]
[Site "Baguio"]
[Date "1987.??.??"]
[Round "?"]
[White "Hellers, Ferdinand"]
[Black "Gdanski, Jacek"]
[Result "1/2-1/2"]
[WhiteElo "2490"]
[BlackElo "2400"]

1.e4 c5 2.Nf3 e6 3.d4 cxd4 4.Nxd4 Nc6 5.Nb5 d6 6.Bf4 e5 7.Be3 a6 8.N5c3 Nf6
9.Bc4 Be7 10.Nd5 Nxd5 11.Bxd5 O-O 12.Na3 Be6 13.c3 Bg5 14.Nc4 Bxe3 15.Nxe3 Ne7
16.Bb3 Qb6 17.O-O Rad8 18.Re1 Qc6 19.Qc2 d5 20.exd5 Nxd5 21.Nf5 Bxf5 22.Qxf5 Nf4
23.Qe4 Qxe4 24.Rxe4 Nd3 25.Re2 Rfe8 26.g3 Nc5 27.Bc2 f6 28.b4 Ne6 29.f4 Nc7
30.fxe5 Rxe5 31.Rxe5 fxe5 32.Bb3+ Kh8 33.Re1 Re8 34.a4 g6 35.Rd1 Re7 36.Rd8+ Kg7
37.Kf2 Kf6 38.Ke3 Kf5 39.h3 Ne8 40.Bd5 Nf6 41.Bb3 Kg5 42.Bd1 Rc7 43.Kd3 h5
44.Bc2 e4+ 45.Kd4 b5 46.axb5 axb5 47.Bb3 Re7 48.Ke3 Rc7 49.Kd4 Re7 50.Ke3 Rc7
51.Kd4  1/2-1/2

[Event "Berlin op"]
[Site "Berlin-West"]
[Date "1987.??.??"]
[Round "?"]
[White "Wedberg, Tom"]
[Black "Horvath, Tamas"]
[Result "1/2-1/2"]
[WhiteElo "2475"]
[BlackElo "2385"]

1.e4 c5 2.Nf3 e6 3.d4 cxd4 4.Nxd4 Nc6 5.Nb5 Nf6 6.Bf4 e5 7.Bg5 d6 8.Nd2 a6
9.Bxf6 gxf6 10.Nc3 Be6 11.Bc4 Bg7 12.Qh5 O-O 13.O-O Ne7 14.Rad1 Qc8 15.Bxe6 fxe6
16.Nb3 Qc7 17.Rd3 Ng6 18.Rh3 Bh8 19.Rd1 Nf4 20.Qg4+ Bg7 21.Rf3 Kh8 22.Rg3 Bh6
23.Nc1 Rad8 24.Nd3 Rg8 25.Qf3 Bg5 26.Nxf4 exf4 27.Rh3 Rg6 28.Kh1 Bh6 29.Qd3 Qb6
30.Rf3 Qxb2 31.Rb1 Qa3 32.Rxb7 Rc8 33.g3 Bg7 34.Ne2 Qxa2 35.Nxf4 Rg5 36.Qxd6 Re5
37.Rxg7 Qc4 38.Nd3 Kxg7 39.Qe7+  1/2-1/2

[Event "Bern"]
[Site "Bern"]
[Date "1987.??.??"]
[Round "?"]
[White "Geller, Efim P"]
[Black "Franzoni, Giancarlo"]
[Result "1-0"]
[WhiteElo "2500"]
[BlackElo "2390"]

1.e4 c5 2.Nf3 e6 3.d4 cxd4 4.Nxd4 Nc6 5.Nb5 d6 6.c4 Nf6 7.N1c3 a6 8.Na3 Be7
9.Be2 O-O 10.O-O b6 11.Be3 Ne5 12.f4 Ned7 13.Bf3 Bb7 14.Qe2 Qc7 15.Rac1 Rac8
16.g4 h6 17.h4 Nc5 18.Qg2 d5 19.exd5 exd5 20.g5 hxg5 21.hxg5 Nd3 22.gxf6 Bxf6
23.Bxd5 Nxc1 24.Ne4 Bh4 25.Bxb7 Ne2+ 26.Qxe2 Qxb7 27.Nd6 Qd7 28.Nxc8 Rxc8
29.Rd1 Qh3 30.Bxb6 Qg3+ 31.Qg2 Qxf4 32.Bd4 g6 33.Nc2 Re8 34.Rf1 Qh6 35.Qd5 Qh7
36.Ne3 Bg3 37.Ng4 Bh4 38.Rxf7  1-0

[Event "Noviki-A"]
[Site "Budapest"]
[Date "1987.??.??"]
[Round "?"]
[White "Tatai, Stefano"]
[Black "Horvath, Jozsef"]
[Result "1/2-1/2"]
[WhiteElo "2415"]
[BlackElo "2465"]

1.e4 c5 2.Nf3 e6 3.d4 cxd4 4.Nxd4 Nc6 5.Nb5 d6 6.c4 Nf6 7.N1c3 a6 8.Na3 Be7
9.Be2 O-O 10.O-O b6 11.Be3 Ne5 12.f3 Bb7 13.Qb3 Ned7 14.Rfd1 Qc7 15.Rac1 Rac8
16.Nab1 Kh8 17.Nd2 g5 18.Nf1 Rg8 19.g4 h5 20.h3 Rg6 21.Kg2 Kg7 22.Ng3 Rh8
23.Bd4 Kg8 24.Be3 Bd8 25.Qa3 Be7 26.Qb3 Bd8 27.Qa3 Be7  1/2-1/2

[Event "Camaguey-B"]
[Site "Camaguey"]
[Date "1987.??.??"]
[Round "?"]
[White "Armas, Jorge"]
[Black "Sieiro Gonzalez, Luis"]
[Result "1/2-1/2"]
[WhiteElo "2455"]
[BlackElo "2430"]

1.e4 c5 2.Nf3 e6 3.d4 cxd4 4.Nxd4 Nc6 5.Nb5 d6 6.c4 Nf6 7.N1c3 a6 8.Na3 Be7
9.Be2 O-O 10.O-O b6 11.Be3 Bb7 12.Qb3 Nd7 13.Rfd1 Nc5 14.Qc2 Qc7 15.Rac1 Rac8  1/2-1/2

[Event "Gausdal Int"]
[Site "Gausdal"]
[Date "1987.??.??"]
[Round "?"]
[White "Ernst, Thomas"]
[Black "Jansa, Vlastimil"]
[Result "1-0"]
[WhiteElo "2455"]
[BlackElo "2445"]

1.e4 c5 2.Nf3 e6 3.d4 cxd4 4.Nxd4 Nc6 5.Nb5 d6 6.c4 Nf6 7.N1c3 a6 8.Na3 Be7
9.Be2 b6 10.O-O Bb7 11.f4 O-O 12.Bf3 b5 13.cxb5 axb5 14.Naxb5 Qb6+ 15.Kh1 d5
16.e5 Ne4 17.Bxe4 dxe4 18.a4 Rfd8 19.Qe2 Bc5 20.Nxe4 Nd4 21.Nxd4 Bxd4 22.Re1 Ba6
23.Qh5 Rd7 24.Ra3 Bf2 25.Rh3 Kf8 26.Be3 Bxe3 27.Rhxe3 Bb7 28.Nd6 Rxa4 29.R3e2 Rxf4
30.Qxh7 Rxd6 31.exd6 Qxd6 32.Qh8+ Ke7 33.Qxg7 Kd7 34.Qe5 Qxe5 35.Rxe5 Rf2
36.R5e2 Bxg2+ 37.Kg1 Rxe2 38.Rxe2 Bf3 39.Rc2 f5 40.b4 e5 41.b5 e4 42.b6 e3
43.Rc3 f4 44.Rc4  1-0

[Event "Jurmala"]
[Site "Jurmala"]
[Date "1987.??.??"]
[Round "?"]
[White "Kengis, Edvins"]
[Black "Romanishin, Oleg M"]
[Result "1-0"]
[WhiteElo "2475"]
[BlackElo "2555"]

1.e4 c5 2.Nf3 e6 3.d4 cxd4 4.Nxd4 Nc6 5.Nb5 d6 6.Bf4 e5 7.Be3 Nf6 8.Bg5 Qa5+
9.Qd2 Nxe4 10.Qxa5 Nxa5 11.Be3 Kd7 12.N1c3 Nxc3 13.Nxc3 b6 14.f4 Bb7 15.O-O-O e4
16.Bb5+ Nc6 17.g4 Re8 18.Rd2 f6 19.Rhd1 h5 20.g5 fxg5 21.fxg5 Re5 22.Bf4 Rf5
23.Bxd6 e3 24.Rd3 Kc8 25.Rxe3 Bxd6 26.Rxd6 Rd8 27.Rxd8+ Nxd8 28.h4 Rf4 29.Re7 Rxh4
30.Bd3 Rf4 31.Nb5 a6 32.Nd6+ Kb8 33.Rxg7 Bd5 34.g6 h4 35.Rh7 Rg4 36.Bf5 Rg1+
37.Kd2 Be6 38.Be4 h3 39.Kc3 Rg2 40.Kd4 Rg5 41.Nf7 Bxf7 42.gxf7 Ne6+ 43.Ke3 Rg3+
44.Kf2  1-0